| 000 | 00745cam a22001814a 4500 | ||
|---|---|---|---|
| 005 | 20250605164349.0 | ||
| 008 | 250528s ||||||||||||||||||||||||d | ||
| 035 | _a24060 | ||
| 040 |
_aGR-AtMCL _bgre _dGR-AtMCL _eAACR2 |
||
| 245 | 1 | _aIntroducing Figure 4 Modular / Scale to New Applications with Innovative Materials | |
| 260 |
_bBpa Worldwide, _c2019 |
||
| 300 | _a58 | ||
| 520 | _aIntroducing Figure 4 Modular, Don't Just Wing It, Am For Space: What's Going On?, Space and Time, In Other News: Paris Air Show, Testing SlS to Subsea Extremes, Solving a Spanner in the Works, Taking the Work Out of Workholding, Onwards Singapore, Moving Forward. | ||
| 700 | 1 |
_aGriffiths Laura _99377 |
|
| 942 | _cCR | ||
| 999 |
_c8960 _d8960 |
||